000 00474nab a2200145Ia 4500
003 ES-SlBCS
005 20210601135701.0
008 140529s1995 xxu||||| |||| 00| 0 spa d
041 _aspa
100 1 _aSchilling, Heinz
_9110718
245 0 0 _aLa confesión y la identidad política en la Europa de comienzos de la Edad Moderna (siglos XV-XVIII)
_c Heinz Schilling
650 0 4 _aReligión
_92582
773 0 _tConcilium
_gnº. 262, 1995, págs. 943-955
_wRev134
942 _cAR
999 _c632238
_d632238